| 000 | 00570nam a2200229Ia 4500 | ||
|---|---|---|---|
| 003 | OSt | ||
| 005 | 20220928125621.0 | ||
| 006 | a|||||r|||| 00| 0 | ||
| 007 | ta | ||
| 008 | 220927b |||||||| |||| 00| 0 eng d | ||
| 024 | _a34485 | ||
| 037 | _cTextual | ||
| 040 |
_aSDCL _cSDCL _beng |
||
| 041 |
_2eng _aeng |
||
| 082 | _aS:5, L8 | ||
| 100 |
_aSchrag Peter _9470534 |
||
| 245 | 0 | _aMind control. | |
| 260 |
_aLondon _bMarion Boyars _c1978 |
||
| 300 |
_axviii,327p. ` _ccm. |
||
| 942 |
_hS:5, L8 _cTEXL _2CC |
||
| 999 |
_c783251 _d783251 |
||